00518nam a2200205Ia 4500003000900000008004100009040001300050040001300063041000800076100002200084100001000106245010800116250001000224260000900234260000900243300001100252300001200263490003100275490000600306IT-RoPAU120407s9999 xx 000 0 und d aIT-RoPAU cIT-RoPAU afra aChiara d’Assisi csanta aEcrits. Introduction, texte latin, traduction, notes et index par Marie-France Becker (latino-francese) aParis aCerf c1985 a246 p. c19,5 cm aSources Chrétiennes, 325 v1